| 000 | 00785cam a22002293a 4500 | ||
|---|---|---|---|
| 001 | 6598 | ||
| 003 | PGUSA | ||
| 005 | 20140828083134.0 | ||
| 008 | 040901s2004||||xxu|||||s|||||000 | eng d | ||
| 040 |
_aPGUSA _beng |
||
| 042 | _adc | ||
| 050 | 4 | _aTX | |
| 100 | 1 |
_aBeecher, Catharine Esther, _d1800-1878 |
|
| 245 | 1 | 0 |
_aAmerican Woman's Home : _bOr, Principles of Domestic Science; : Being a Guide to the Formation and Maintenance of Economical, Healthful, Beautiful, and Christian Homes _h[electronic resource] / _cCatharine Esther Beecher |
| 260 |
_bProject Gutenberg, _c2004 |
||
| 506 | _aPublic domain in the USA. | ||
| 516 | _aElectronic text | ||
| 653 | _aHome economics | ||
| 830 | 0 |
_aProject Gutenberg _v6598 |
|
| 856 | 4 | 0 | _uhttp://www.gutenberg.org/ebooks/6598 |
| 942 | _cEB | ||
| 999 |
_c235918 _d235918 |
||